000 00340nam a2200133Ia 4500
005 20260328104309.0
008 260328s9999||||xx |||||||||||||| ||und||
100 _aBassignana, Adriano
245 0 _aIl fiore di Santa Maria del fiore /
_cAdriano Bassignana
260 _bAlinea
300 _a111 p.
650 _aARQUITECTOS
942 _cBK
999 _c10897
_d10897